Team Logo - Pac-12 Conference - Statistics

General Stats
  • This quiz has been taken 34 times
    7 since last reset
  • The average score is 6 of 9
Answer Stats
Picture Answer % Correct
Washington State Cougars
100%
Boise State Broncos
67%
Colorado State Rams
67%
Fresno State Bulldogs
67%
Oregon State Beavers
67%
San Diego State Aztecs
67%
Texas State Bobcats
67%
Utah State Aggies
67%
Gonzaga Bulldogs
33%
No matching quizzes found
Score Distribution
Percent of People with Each Score
Percentile by Number Answered
Your Score History
You have not taken this quiz since the last reset